000 00798nam a22002297a 4500
999 _c62061
_d62061
005 20251125233057.0
008 s2553 th ||||| |||| 00| 0 tha d
020 _a9746167347928
040 _aNALT
050 _aHG221 ส357ง 2553
100 0 _aสฤณี อาชวานันทกุล, ผู้แปล
245 1 0 _aเงินเดินดิน
260 3 _aกรุงเทพฯ :
_bOpenbooks,
_c2553
300 _a184 หน้า ;
_b 21 ซม.
650 0 4 _aหุ้น
650 0 4 _aหนี้
650 0 4 _aการเงิน
850 _aNALT
856 4 0 _uhttps://hdl.handle.net/20.500.14156/337995
_71
942 _cGB
_2lcc
_01
998 _j8
_k นายบัณฑิต อุทาวงค์